Premi Oscar - Morte Improvvisa - Statistics

Statistiche generali
  • Questo quiz è stato fatto 709 volte
  • Il punteggio medio è 6 su 30
Answers on the Grid
Answers color-coded by a green-red scale on the quiz's grid according to % correct below.
Al Pacino
Alain Delon
Anna Magnani
Antonio Banderas
Audrey Hepburn
Brad Pitt
Brie Larson
Cary Grant
Cher
Christian Bale
Colin Firth
Colin Farrell
Denzel Washington
Geena Davis
Glenn Close
Greta Garbo
Henry Fonda
Hugh Jackman
Jack Nicholson
James Stewart
Jennifer Lawrence
Jeremy Irons
Katherine Hepburn
Kathy Bates
Keira Knightley
Kevin Costner
Leonardo DiCaprio
Marcello Mastroianni
Marlene Dietrich
Marlon Brando
Massimo Troisi
Matthew Broderick
Melissa Leo
Meryl Streep
Michael Keaton
Montgomery Clift
Paul Newman
Peter O'Toole
Robert De Niro
Roberto Benigni
Russel Crowe
Sally Field
Sandra Bullock
Segourney Weaver
Sophia Loren
Sylvester Stallone
Tom Cruise
Viola Davis
Vivien Leight
Wynona Rider
 
Statistiche sulle risposte
Risposta % Corretto
Al Pacino
77%
Brad Pitt
45%
Leonardo DiCaprio
39%
Jack Nicholson
37%
Denzel Washington
35%
Jennifer Lawrence
30%
Roberto Benigni
28%
Audrey Hepburn
27%
Colin Firth
26%
Anna Magnani
25%
Marlon Brando
25%
Meryl Streep
25%
Christian Bale
23%
Robert De Niro
21%
Russel Crowe
19%
Brie Larson
17%
Sophia Loren
16%
Cher
15%
Katherine Hepburn
13%
Jeremy Irons
10%
Paul Newman
10%
Sandra Bullock
10%
Henry Fonda
9%
Kathy Bates
9%
Viola Davis
8%
Sally Field
6%
James Stewart
5%
Geena Davis
3%
Vivien Leight
3%
Melissa Leo
2%
Nessun quiz corrispondente trovato
Distribuzione punteggi
Percentuale di utenti per punteggio
Percentile per numero di risposta
I tuoi punteggi nel tempo
Non hai fatto questo quiz